000 00705cam a2200241 a 4500
020 _a0333318234 :
020 _a0333318242 (pbk) :
082 0 4 _a692
_bMIK
100 1 _aMika, Stephen.
_945400
245 1 0 _aStructural surveying.
250 _a2nd ed. /
260 _aHoundsmills, Basingstoke, Hampshire :
_bMacmillan Education,
_c1988.
300 _axiii, 177 p. :
_bill. ;
_c25 cm.
490 1 _aMacmillan building and surveying series
500 _aIncludes index.
526 _a0
_b0
_c0
_d692_000000000000000_MIK
650 0 _aBuilding sites.
_923362
650 0 _aMCE
_9379
650 0 _aReal property surveys.
_945401
650 0 _aSurveying.
700 1 _aDesch, H. E.
942 _2ddc
_cBK
999 _c548935
_d548935